[Event "Foxwoods op"]
[Site "Ledyard"]
[Date "2009.04.11"]
[Round "6"]
[White "Vertkin, Sergey"]
[Black "Pamatmat, Jarod John Munda"]
[Result "1-0"]
[WhiteElo "2219"]
[BlackElo "2008"]
[PlyCount "103"]
[EventDate "2009.04.08"]
[EventType "swiss"]
[EventRounds "9"]
[EventCountry "USA"]
[SourceTitle "CBM 129 Extra"]
[Source "ChessBase"]
[SourceDate "2009.05.05"]
[SourceVersion "2"]
[SourceVersionDate "2009.05.20"]
[SourceQuality "1"]

1. e4 e6 2. c4 d5 3. exd5 exd5 4. cxd5 Nf6 5. Bb5+ Nbd7 6. Nc3 Be7 7. Nf3 0-0 8. 0-0 Nb6 9. d4 Nfxd5 10. Ne5 Be6 11. Ne4 c6 12. Bd3 f6 13. Nf3 Qc7 14. Ng3 Bd6 15. Nf5 Nf4 16. Bxf4 Bxf4 17. g3 Bd6 18. Re1 Bxf5 19. Bxf5 g6 20. Bc2 Rfe8 21. Qd3 Kh8 22. Kg2 Nd5 23. Bb3 Qf7 24. h4 Bb4 25. Rxe8+ Rxe8 26. h5 g5 27. Qf5 Qe6 28. Qxe6 Rxe6 29. Bxd5 cxd5 30. Rc1 Rc6 31. Rxc6 bxc6 32. a3 Bd6 33. g4 Kg7 34. Ne1 f5 35. f3 c5 36. dxc5 Bxc5 37. Kf1 Kf6 38. Ke2 fxg4 39. fxg4 Ke5 40. Nd3+ Kd4 41. Nxc5 Kxc5 42. Kd3 h6 43. b3 d4 44. Ke4 a6 45. Kd3 Kd5 46. b4 Ke5 47. a4 Kd5 48. b5 a5 49. b6 Kc6 50. Kxd4 Kxb6 51. Kd5 Ka7 52. Kc5 1-0

[Event "Foxwoods op 09th"]
[Site "Connecticut"]
[Date "2007.04.04"]
[Round "1"]
[White "Vertkin, Sergey"]
[Black "Stripunsky, Alexander"]
[Result "0-1"]
[WhiteElo "2205"]
[BlackElo "2575"]
[PlyCount "36"]
[EventDate "2007.04.04"]
[EventType "swiss"]
[EventRounds "9"]
[EventCountry "USA"]
[SourceTitle "CBM 117 Extra"]
[Source "ChessBase"]
[SourceDate "2007.05.09"]
[SourceVersion "1"]
[SourceVersionDate "2007.05.09"]
[SourceQuality "1"]

1. e4 c5 2. Nf3 e6 3. d4 cxd4 4. Nxd4 a6 5. Bd3 Qc7 6. 0-0 Nf6 7. c4 Bd6 8. h3 Nc6 9. Ne2 Ne5 10. b3 b6 11. Nbc3 Bb7 12. f4 Bc5+ 13. Kh2 Nxd3 14. Qxd3 Qc6 15. Ng3 h5 16. Re1 Ng4+ 17. hxg4 hxg4+ 18. Nh5 Bf2 0-1

[Event "Eastern Class-ch"]
[Site "Sturbridge"]
[Date "2007.03.11"]
[Round "4"]
[White "Vertkin, Sergey"]
[Black "Sarkar, Justin"]
[Result "0-1"]
[WhiteElo "2205"]
[BlackElo "2405"]
[PlyCount "102"]
[EventDate "2007.03.09"]
[EventType "swiss"]
[EventRounds "5"]
[EventCountry "USA"]
[SourceTitle "CBM 117 Extra"]
[Source "ChessBase"]
[SourceDate "2007.05.09"]
[SourceVersion "1"]
[SourceVersionDate "2007.05.09"]
[SourceQuality "1"]

1. e4 c5 2. Nf3 d6 3. c4 e5 4. Nc3 Nc6 5. d3 g6 6. Be2 Bg7 7. Nd5 Nge7 8. Bg5 h6 9. Bxe7 Nxe7 10. 0-0 Nxd5 11. cxd5 0-0 12. Rb1 Bd7 13. Nd2 b5 14. b4 cxb4 15. Rxb4 Qa5 16. Qb1 Rfc8 17. a4 bxa4 18. Nc4 Qc5 19. Bd1 f5 20. Bxa4 a5 21. Bxd7 axb4 22. Be6+ Kf8 23. exf5 Rc7 24. fxg6 Bf6 25. Qd1 Kg7 26. Ne3 Bg5 27. Nf5+ Kxg6 28. h4 Qc1 29. Qe2 Qxf1+ 30. Qxf1 Rc1 31. hxg5 Raa1 32. Qxc1 Rxc1+ 33. Kh2 b3 34. Nxd6 b2 35. Bf5+ Kxg5 36. d4 exd4 37. Kg3 b1Q 38. Bxb1 Rxb1 39. f4+ Kf6 40. Kf3 Re1 41. Ne4+ Ke7 42. f5 d3 43. d6+ Kf7 44. Nd2 Re2 45. Nc4 Ke8 46. f6 Re6 47. g4 Rxf6+ 48. Ke3 Rg6 49. Kxd3 Rxg4 50. Ne5 Rg3+ 51. Ke4 h5 0-1

[Event "Tel Aviv ASA"]
[Site "Tel Aviv"]
[Date "1993.??.??"]
[Round "2"]
[White "Oratovsky, Michael"]
[Black "Vertkin, Sergey"]
[Result "1-0"]
[WhiteElo "2420"]
[BlackElo "2290"]
[PlyCount "63"]
[EventDate "1993.??.??"]
[EventType "tourn"]
[EventRounds "11"]
[EventCountry "ISR"]
[EventCategory "4"]
[SourceTitle "EXT 1998"]
[Source "ChessBase"]
[SourceDate "1997.11.17"]
[SourceVersion "1"]
[SourceVersionDate "1997.11.17"]
[SourceQuality "1"]

1. e4 Nf6 2. e5 Nd5 3. d4 d6 4. Nf3 Bg4 5. Be2 e6 6. c4 Nb6 7. 0-0 Be7 8. Nc3 0-0 9. h3 Bh5 10. Be3 d5 11. c5 Bxf3 12. gxf3 Nc8 13. f4 c6 14. Bd3 g6 15. Kh2 Kh8 16. Rg1 Qd7 17. b4 b6 18. Rb1 b5 19. a4 a6 20. Qg4 Rg8 21. Ne2 Bf8 22. h4 Ne7 23. h5 Nf5 24. Ng3 Bg7 25. Rg2 Ra7 26. Rbg1 Nh6 27. Qh3 Qe8 28. f5 Nxf5 29. Nxf5 exf5 30. Bxf5 gxf5 31. h6 f6 32. exf6 1-0

[Event "Tel Aviv ASA"]
[Site "Tel Aviv"]
[Date "1993.??.??"]
[Round "1"]
[White "Vertkin, Sergey"]
[Black "Afek, Yochanan"]
[Result "0-1"]
[WhiteElo "2290"]
[BlackElo "2430"]
[PlyCount "92"]
[EventDate "1993.??.??"]
[EventType "tourn"]
[EventRounds "11"]
[EventCountry "ISR"]
[EventCategory "4"]
[SourceTitle "EXT 1998"]
[Source "ChessBase"]
[SourceDate "1997.11.17"]
[SourceVersion "1"]
[SourceVersionDate "1997.11.17"]
[SourceQuality "1"]

1. e4 c5 2. Nf3 Nc6 3. c4 e6 4. Nc3 Nf6 5. d4 cxd4 6. Nxd4 Bb4 7. Nxc6 bxc6 8. Bd3 e5 9. Bg5 h6 10. Bd2 0-0 11. 0-0 Be7 12. Qe2 d6 13. Rfd1 Be6 14. Rac1 Qb6 15. c5 dxc5 16. Na4 Qb7 17. b3 Nd7 18. Be3 Rfd8 19. Rd2 Qb4 20. Rdc2 Rac8 21. Bd2 Qa3 22. Ba5 Re8 23. Bc4 Bxc4 24. Qxc4 Nf8 25. Bc3 Bg5 26. Re1 Nd7 27. g3 Be7 28. Rec1 Nb6 29. Nxb6 axb6 30. Bxe5 b5 31. Qc3 Bf8 32. f3 Rcd8 33. Bf4 Rd7 34. Be3 Red8 35. Bxc5 b4 36. Qc4 Bxc5+ 37. Qxc5 Qa6 38. Qc4 Qa7+ 39. Qc5 Rd1+ 40. Rxd1 Rxd1+ 41. Kg2 Rd2+ 42. Kh3 Qd7+ 43. g4 Qd3 44. Qf5 Qf1+ 45. Kg3 Qf2+ 46. Kf4 g5+ 0-1

[Event "Tel Aviv ASA"]
[Site "Tel Aviv"]
[Date "1993.??.??"]
[Round "7"]
[White "Vertkin, Sergey"]
[Black "Grinshpun, Eduard"]
[Result "0-1"]
[WhiteElo "2290"]
[BlackElo "2420"]
[PlyCount "72"]
[EventDate "1993.??.??"]
[EventType "tourn"]
[EventRounds "11"]
[EventCountry "ISR"]
[EventCategory "4"]
[SourceTitle "EXT 1998"]
[Source "ChessBase"]
[SourceDate "1997.11.17"]
[SourceVersion "1"]
[SourceVersionDate "1997.11.17"]
[SourceQuality "1"]

1. e4 e5 2. Nc3 Nf6 3. g3 d5 4. exd5 Nxd5 5. Bg2 Nxc3 6. bxc3 Nc6 7. d3 Bd6 8. Nf3 0-0 9. Ng5 Be7 10. h4 h6 11. Qh5 Bf5 12. Be4 Bxe4 13. Nxe4 f5 14. Nd2 Qe8 15. Qxe8 Raxe8 16. Rb1 b6 17. 0-0 Bf6 18. Nc4 e4 19. d4 g5 20. h5 Bg7 21. a4 f4 22. g4 Ne7 23. Ba3 Rf6 24. Bxe7 Rxe7 25. Rb3 Rc6 26. Nd2 e3 27. fxe3 Rxe3 28. Rf3 Rexc3 29. Rbxc3 Bxd4+ 30. Kg2 Bxc3 31. Rd3 Be5 32. Rd5 Rxc2 33. Kf3 Kf7 34. Rd7+ Kf8 35. Rd5 Bg7 36. Rd8+ Ke7 0-1

[Event "Tel Aviv ASA"]
[Site "Tel Aviv"]
[Date "1993.??.??"]
[Round "8"]
[White "Vertkin, Sergey"]
[Black "Klinova, Masha"]
[Result "0-1"]
[WhiteElo "2290"]
[BlackElo "2265"]
[PlyCount "53"]
[EventDate "1993.??.??"]
[EventType "tourn"]
[EventRounds "11"]
[EventCountry "ISR"]
[EventCategory "4"]
[SourceTitle "EXT 1998"]
[Source "ChessBase"]
[SourceDate "1997.11.17"]
[SourceVersion "1"]
[SourceVersionDate "1997.11.17"]
[SourceQuality "1"]

1. e4 d6 2. d4 Nf6 3. Nc3 c6 4. Bg5 Nbd7 5. Qd2 e5 6. 0-0-0 h6 7. Bh4 Be7 8. Bg3 b5 9. Re1 Qa5 10. Nf3 b4 11. Nb1 0-0 12. c3 Qxa2 13. cxb4 Rb8 14. Re3 Qe6 15. Nc3 Ng4 16. d5 cxd5 17. exd5 Qg6 18. Re4 f5 19. Rc4 Qf7 20. h3 Ngf6 21. Rc7 Rb7 22. Rc6 Nb6 23. Nb5 Nbxd5 24. Nxd6 Bxd6 25. Rxd6 Qc7+ 26. Kb1 Qxd6 27. Nxe5 0-1